000
00364nam a2200157Ia 4500
008
151213s9999 xx 000 0 und d
100
_a
M.C.Kuchal
245
_a
Mercantile Law
_c
M.C.Kuchal
250
_a
6th
260
_a
New Delhi
_b
Vikash Publishers Ltd.
_c
2005
300
_a
6619 p.
650
_a
Law
650
_a
Law
700
_a
M.C.Kuchal
999
_c
3656
_d
3656